LEADER 01099nam0-22003491i-450- 001 990004579990403321 005 20150204115249.0 035 $a000457999 035 $aFED01000457999 035 $a(Aleph)000457999FED01 035 $a000457999 100 $a19990604d1967----km-y0itay50------ba 101 1 $aita 105 $ay---e---001yy 200 1 $a<>vita secondo lo spirito$econdizione del cristiano$fIgnace de la Potterie, Stanislas Lyonnet$gintroduzione di Y. M.-J. Congar 210 $aRoma$cEditrice A.V.E.$d[1967] 215 $a356 p.$d21 cm 225 1 $aTeologia oggi$v1 300 $aTraduzione di Tommaso Federici rivista dagli autori 610 0 $aCristianesimo$aTeologia 676 $a248.46$v22 676 $a230$v20 700 1$aLa Potterie,$bIgnace : de$0181501 701 1$aLyonnet,$bStanislas$0181357 702 1$aCongar,$bYves$f<1904-1995> 801 0$aIT$bUNINA$gRICA$2UNIMARC 901 $aBK 912 $a990004579990403321 952 $a248.46 POT 1$bBibl. 43665$fFLFBC 959 $aFLFBC 996 $aVita secondo lo spirito$9549859 997 $aUNINA LEADER 01176nam0 2200289 i 450 001 SUN0065515 005 20080918120000.0 010 $a88-348-3477-1 100 $a20080917d2004 |0itac50 ba 101 $aita 102 $aIT 105 $a|||| ||||| 200 1 $aEconomia politica del non profit$fMarco Musella, Salvatore D'Acunto 210 $aTorino$cG. Giappichelli$dc2004 215 $axi, 128 p.$d24 cm. 606 $aEnti senza scopo di lucro$xEconomia$2FI$3SUNC002940 620 $dTorino$3SUNL000001 676 $a338.43361763$v21 700 1$aMusella$b, Marco$3SUNV006423$0118105 701 1$aD'Acunto$b, Salvatore$3SUNV006424$0118106 712 $aGiappichelli$3SUNV000045$4650 801 $aIT$bSOL$c20200127$gRICA 912 $aSUN0065515 950 $aUFFICIO DI BIBLIOTECA DEL DIPARTIMENTO DI GIURISPRUDENZA$d00CONS XX.Cg.110 bis $e00BFG1686 20090601 950 $aUFFICIO DI BIBLIOTECA DEL DIPARTIMENTO DI GIURISPRUDENZA$d00CONS XX.Cg.110 $e00BFG419 20080917 996 $aEconomia politica del non profit$944468 997 $aUNICAMPANIA